Revisión de métodos de diseño hidrológico e hidráulico de alcantarillas para carreteras.
Enregistré dans:
| Auteur principal: | |
|---|---|
| Format: | Livre |
| Publié: |
San José, Costa Rica
1989
|
| Sujets: | |
| Tags: |
Ajouter un tag
Pas de tags, Soyez le premier à ajouter un tag!
|
MARC
| LEADER | 00000nam a2200000Ia 4500 | ||
|---|---|---|---|
| 003 | 004745 | ||
| 005 | 20221231144338.0 | ||
| 008 | 140114s1989 cr a m 000 ||s d | ||
| 040 | |c cru CEDI | ||
| 090 | |a TFG 2213 | ||
| 100 | |a Rodriguez Piña, Ernesto |9 13310 | ||
| 245 | |a Revisión de métodos de diseño hidrológico e hidráulico de alcantarillas para carreteras. | ||
| 260 | |c 1989 |a San José, Costa Rica | ||
| 300 | |a [240] hojas : ilustraciones ; 28 cm | ||
| 500 | |a Proyecto de graduacion (licenciatura en ingeniería civil)--Universidad de Costa Rica. Facultad de Ingeniería. Escuela de Ingeniería Civil | ||
| 650 | |x ALCANTARILLAS - DISEÑO Y CONSTRUCCION |9 8121 | ||
| 942 | |c TFG |2 ddc | ||
| 999 | |c 20500 |d 20500 | ||
